00774nam a2200205 i 450000100060000000300090000600500170001500700030003200800410003510000360007624501150011226000350022730000360026270000340029870000320033270000330036485200320039799900170042995201220044649858ES-MaACL20230906162057.0t|030724s1974 sp ||||1| spa d1 aCraig, Charles Franklin.94142410aParasitología clínica / cCraig y Faust. Ernest Carroll Faust... Paul Farr Russell... Rodney Clifton Jung. aBarcelona : bSalvat, c[1974] aVIII, 888 p. : bil. ; c26 cm.1 aFaust, Ernest Carroll.9489801 aRussell, Paul Farr.91010451 aJung, Rodney Clifton.967289 aES-MaACLjC-55901 bR.88659 c49858d49858 00104070aATENEOMbATENEOMcDEPO2d2008-01-17eSCl0oC-55901p1052454r2023-02-23 00:00:00w2023-02-23yMONOGRAFIA